00499nam a22001577a 4500003000900000008004100009040007100050082002000121100003200141245002400173260005500197300002600252505002300278650001200301650002800313AR-CdUCM190327b ||||| |||| 00| 0 spa d aMUNICIPALIDAD PROVINCIAL DEL CUSCOcBIBLIOTECA MUNICIPAL DEL CUSCO a869.624 /bES93 aEstipiñán Bass, Nelson  aEl Último Río / aEcuador :bCasa de la Cultura Ecuatoriana ;c1966. a369 páginas ;c21cm aContenido: Novela  aNovela  aLiteratura ecuatoriana